| 000 | 00662nam a2200265Ia 4500 | ||
|---|---|---|---|
| 005 | 20260121170559.0 | ||
| 008 | 008 260114s9999 xx 000 0 eng d | ||
| 020 | _a9783319917580 | ||
| 037 | _aEBOOK | ||
| 040 | _aCRL | ||
| 040 | _beng | ||
| 040 | _cCRL | ||
| 041 | _2eng | ||
| 041 | _aeng | ||
| 084 | _qCRL | ||
| 100 |
_aBumba Mukherjee, Ore Koren _91065626 |
||
| 245 | 4 | _aThe Politics of Mass Killing in Autocratic Regimes | |
| 260 | _bSpringer | ||
| 260 | _bSpringer | ||
| 260 | _c2019 | ||
| 856 | _uhttps://link.springer.com/openurl?genre=book&isbn=978-3-319-91758-0 | ||
| 942 | _cEBOOK | ||
| 999 |
_c1631356 _d1631356 |
||